The challenge ahead : information technology in the primary school curriculum

Αποθηκεύτηκε σε:
Λεπτομέρειες βιβλιογραφικής εγγραφής
Άλλοι συγγραφείς: Fields, Joyce I. 1943- (Επιμελητής έκδοσης)
Μορφή: Βιβλίο
Γλώσσα:English
Δημοσίευση: Chur : Harwood Academic Publishers, 1993
Θέματα:
Ετικέτες: Προσθήκη ετικέτας
Δεν υπάρχουν, Καταχωρήστε ετικέτα πρώτοι!

MARC

LEADER 00000nam a2200000 i 4500
001 1/86588
008 990715s1993 eng d
020 |a 3-7186-5393-1 
035 |l 10052107 
040 |a GR-MY-UA  |b gre  |e aacr 
041 0 |a eng 
082 0 |a 371.3078 
245 1 4 |a The challenge ahead :  |b information technology in the primary school curriculum /  |c edited by Joyce I.Fields 
260 |a Chur :   |b Harwood Academic Publishers,   |c 1993 
300 |a 134 p. 
650 0 0 |a Educational technology  |z Great Britain  |x Case studies. 
650 0 0 |a Computer-assisted instruction  |z Great Britain  |x Case studies. 
650 0 0 |a Education, Elementary  |z Great Britain  |x Case studies. 
700 1 |a Fields, Joyce I.  |d 1943-  |4 edt 
852 |a INST  |b RHODES  |e 19990715  |h 371.3078 CHA  |p 005400014546  |q 005400014546  |t BK  |y 0 
901 |a BIBL4-1999-2 
909 |a Ρ  |b 065823 
922 |a 4ΕΛΗ  |b 199905  |c ΚΠΣ/154  |d LEADER 
970 |a ΤΕΡΝΕΖΗΣ  |b ΧΡΗΣΤΟΣ  |z 1999/07/15